00790nam a22002417a 45000010005000000030006000050050017000110080041000280200018000690400029000870500015001160820011001311000019001422450043001612600038002043000059002425050008003015200140003095210029004495210020004786500030004986500020005287478FISKH20250718144446.0250718b cb ||||| |||| 00| 0 eng d a9780439403252 aFISKHbengcFISKHdFISKH aPZ7 .W4712 a823.92 aAxtell, David  aCazaremos un león /cBY David Axtell aNew York : bScholastic , c1999. a27 unnumbered pages : bcolor illustrations ;c27 cm . aF  aTwo girls set out bravely in search of a lion, going through long grass, a swamp, and a cave before they find what they're looking for.8 a330 bLexile estimate 8 aF bRaz-Plus  aAfrican AmericanvFiction aFamilyvFiction